Poderes do som. Políticas, escutas e identidades.
Gespeichert in:
| 1. Verfasser: | |
|---|---|
| Weitere Verfasser: | , , , , |
| Format: | Buch |
| Veröffentlicht: |
Florianópolis, Brasil:
Insular Livros,
2020.
|
| Ausgabe: | 1.ed. |
| Schlagworte: | |
| Tags: |
Tag hinzufügen
Keine Tags, Fügen Sie den ersten Tag hinzu!
|
MARC
| LEADER | 00000nam a22000007a 4500 | ||
|---|---|---|---|
| 003 | CL-VaPUC | ||
| 005 | 20221111124935.0 | ||
| 008 | 220927t2020 ||||| |||| 00| 0 eng d | ||
| 999 | |c 438972 |d 438970 | ||
| 020 | |a 978-65-86428-21-6 | ||
| 040 | |c Pontificia Universidad Católica de Valparaíso | ||
| 082 | 0 | 4 | |2 22 |a 306.4842 CAS 2020 |
| 100 | 1 | |a Castanheira, José Cláudio Siqueira |e organização |9 877153 | |
| 245 | 1 | 0 | |a Poderes do som. |b Políticas, escutas e identidades. |
| 250 | |a 1.ed. | ||
| 260 | |a Florianópolis, Brasil: |b Insular Livros, |c 2020. | ||
| 300 | |a 412 páginas. | ||
| 500 | |a c.1. Donación profesora Laura Jordán. Memo Mus 14/09/2022 | ||
| 583 | |c 20220927 |k Catalogador Asistente | ||
| 650 | 1 | |a Sonido |x Aspectos sociales |x Congresos |9 877325 | |
| 700 | |a Mazer, Dulce |e organização |9 877154 | ||
| 700 | |a Silva Marra, Pedro |e organização |9 877155 | ||
| 700 | |a Bergamin Conter, Marcelo |e organização |9 877156 | ||
| 700 | |a Lucas, Cássio de Borba |e organização |9 877157 | ||
| 700 | |a Arruda, Mario |e organização |9 877158 | ||
| 942 | |2 ddc |c BK | ||
| 952 | |0 0 |1 0 |2 ddc |4 0 |6 306_484200000000000_CAS_2020 |7 0 |8 A |9 586872 |a BIBEDU |b BIBEDU |c GEN |d 2022-09-27 |e Donación |i 5654832 |o 306.4842 CAS 2020 |p 5654832 |r 2023-01-12 |t 1 |w 2022-09-27 |y BK |k MUS | ||